| 000 | 01380nas a2200265 454500 | ||
|---|---|---|---|
| 001 | 26459 | ||
| 005 | 20260407193507.0 | ||
| 008 | 260407s1995####ag###########|||spa#d | ||
| 003 | AR-UNSa-BCEJYS | ||
| 040 |
_aAR-UNSa-BCEJYS _bspa _cAR-UNSa-BCEJYS |
||
| 080 |
_a008(5) _xCivilización. Cultura. Progreso de Asia |
||
| 245 | 1 | 0 | _aChina libre |
| 022 | _a0255-9862 | ||
| 264 | 1 |
_aTaipei : _bKwang Hwa Publishing Co. _c1995 |
|
| 310 | _aFrecuencia: bimestral ISSN: 1608-4950 ; 1727-4036 Cambia de título la publicación a partir del Vol. XIX, Nº1, por Taipei Hoy Cambia de título la publicación a partir del Vol. XXII, Nº1, por Taiwan Hoy | ||
| 505 | _aCambia de Director a partir del Año XV, Nº 4 por Chi Su Cambia de Director a partir del Año XVI, Nº 3 por David Tawei Lee Cambia de Director a partir del Año XVII, Nº 1 por Chien-jen Chen Cambia de Director a partir del Año XVIII, Nº 6 por Chao Yi Cambia de Director a partir del Año XIX, Nº 6 por Tzen-ping Su Cambia de Director a partir del Año XXI, Nº 1 por Arthur Iap | ||
| 942 | _cSER | ||
| 590 | _aniveau_biblio:s niveau_hierar:1 | ||
| 100 | 1 | _aHu, Jason C. | |
| 650 | _aCultura asiática | ||
| 650 | _aHistoria asiática | ||
| 650 | _aChina | ||
| 650 | _aTaiwán China | ||
| 856 | 4 | 1 |
_uhttps://biblioeco.unsa.edu.ar/pmb/images/revistas/China libre Hu, Jason C..jpg _yImagen de portada _qimage/jpeg |
| 999 |
_c8608 _d8608 |
||